Sovet respublikaları - Statistics

General Stats
  • This quiz has been taken 31 times
  • The average score is 12 of 15
Answer Stats
Paytaxt Respublika % Correct
Bakı Azərbaycan SSR
100%
İrəvan Ermənistan SSR
100%
Moskva Rusiya SFSR
96%
Aşqabad Türkmənistan SSR
92%
Kiyev Ukrayna SSR
92%
Tbilisi Gürcüstan SSR
88%
Almatı Qazaxıstan SSR
80%
Düşənbə Tacikistan SSR
80%
Vilnüs Litva SSR
76%
Daşkənd Özbəkistan SSR
76%
Tallin Estoniya SSR
72%
Kişinyov Moldova SSR
72%
Riqa Latviya SSR
64%
Bişkek Qırğızıstan SSR
64%
Minsk Belorusiya SSR
32%
No matching quizzes found
Score Distribution
Percent of People with Each Score
Percentile by Number Answered
Your Score History
You have not taken this quiz